000 00290nam a22001217a 4500
008 230619b xxu||||| |||| 00| 0 eng d
082 _a304.6
_bWB
100 _cRashid Faruqee
245 _aKenya
_bPopulation and Development
260 _aUSA
_bWorld Bank
300 _a213p
942 _2ddc
_cBK
999 _c1340
_d1340